00870nam a2200181 a 4500001000400000003000900004008004100013020001500054040002800069082001600097100002000113245009600133260005100229300001500280505035900295650002100654650001300675299CO-ViMGA141112s2004 ck r 000 u spa d a9500602229 aCO-ViMGAbspacCO-ViMGA04a617.95 B6761 aBorodic, Gary E10aCirugía plástica del párpado : bAtlas a color / cBorodic Bary E , Townsend Daniel J aBuenos Aires : bMedica PanAméricana, c1995 a150 p : il aAnatomia quirurgica del párpado demostrada por ejemplos clínicos 1 - - Tarsografía e implantación de pesas de oro 23 - - Tratamiento de la retracción palpebral resultante de la enfermedad de graves - basedow 33 - - Reconstrucción palpebral 47 - - Ptosis 81 - - Blefaroplastia 109 - - Malposiciones de los párpados 121 - - Blefaroespasmo 13914aCIRUGIA PLASTICA14aPARPADOS